000 00799nam a2200265Ia 4500
003 OSt
005 20220923211037.0
006 a|||||r|||| 00| 0
007 ta
008 220922b |||||||| |||| 00| 0 urd d
020 _a8172012691 (pbk)
024 _a230,967
037 _cTextual
040 _aARTS
_cARTS
_burd
041 _2urd
_aurd
082 _aO168,1L72:g, 152N2
100 _aशबीहुल हसन
_9156278
245 0 _aनासिख
246 _aNāsikha
260 _aनई दिल्ली
_b साहित्य अकादेमी
_c1992
300 _a130पृ0
_ccm.
650 _aउर्दू साहित्य
_9157511
942 _hO168,1L72:g, 152N2
_cTEXL
_2CC
999 _c294403
_d294403